| 000 | 00593nam a2200193 i 4500 | ||
|---|---|---|---|
| 001 | 75110 | ||
| 003 | ES-MaACL | ||
| 005 | 20230906172336.0 | ||
| 007 | t| | ||
| 008 | 040922s1981 sp ||||1| spa d | ||
| 100 | 1 |
_aGosling, P. E. _959250 |
|
| 245 | 1 | 0 |
_aCódigos para ordenadores y microprocesadores / _cP.E. Gosling, Q.L.M. Laarhoven ; [traducido por Miguel Molinos]. |
| 260 |
_aMadrid : _bParaninfo, _c1981. |
||
| 300 |
_a80 p. ; _c22 cm. |
||
| 700 | 1 |
_aMolinos, Miguel. _982013 |
|
| 700 | 1 |
_aLaarhoven, Q. L. M. _9207945 |
|
| 852 |
_aES-MaACL _jL-1846 _bR.102419 |
||
| 999 |
_c75110 _d75110 |
||